| 000 | 00492nam a2200157 4500 | ||
|---|---|---|---|
| 001 | 143424 | ||
| 003 | ES-MaACL | ||
| 005 | 20230906200816.0 | ||
| 007 | t| | ||
| 008 | 070214s1939 sp r ||||1| spa d | ||
| 100 | 1 |
_aSerrano y Serrano, Ignacio. _9105810 |
|
| 245 | 1 | 3 |
_aEl Fuero del Trabajo _b: doctrina y comentario / _cIgnacio Serrano y Serrano. |
| 260 |
_aValladolid : _b[s. n.], _c1939 ( _fTall. Casa MartÃn) |
||
| 300 |
_aXVI, 530 p. ; _c21 cm. |
||
| 852 |
_aES-MaACL _jA-4975 _bR.18094 |
||
| 999 |
_c143424 _d143424 |
||